LIBRARY ONLINE CATALOGUE

From mission to church : (Record no. 12423)

MARC details
000 -LEADER
fixed length control field 00646nam a22002052 4500
001 - CONTROL NUMBER
control field 0000000635
005 - DATE AND TIME OF LATEST TRANSACTION
control field 20151217155804.0
008 - FIXED-LENGTH DATA ELEMENTS--GENERAL INFORMATION
fixed length control field 070213s xx 000 0 eng d
020 ## - INTERNATIONAL STANDARD BOOK NUMBER
International Standard Book Number 9966855130 :
Terms of availability KES 175
040 ## - CATALOGING SOURCE
Original cataloging agency KABU
Transcribing agency KABU
050 #0 - LIBRARY OF CONGRESS CALL NUMBER
Classification number BR1440
Item number .F76
245 10 - TITLE STATEMENT
Title From mission to church :
Remainder of title a handbook of Christianity in East Africa /
Statement of responsibility, etc. ed. by Zablon Nthamburi.
260 ## - PUBLICATION, DISTRIBUTION, ETC. (IMPRINT)
Place of publication, distribution, etc. Nairobi :
Name of publisher, distributor, etc. Uzima,
Date of publication, distribution, etc. 1991.
300 ## - PHYSICAL DESCRIPTION
Extent vi, 144 p.
650 #0 - SUBJECT ADDED ENTRY--TOPICAL TERM
Topical term or geographic name as entry element Church history
Geographic subdivision Africa, East.
-- 0000148897
700 1# - ADDED ENTRY--PERSONAL NAME
Personal name Nthamburi, Zablon
Relator term ed.
-- 0000148894
908 ## - PUT COMMAND PARAMETER (RLIN)
Put command parameter 070213
950 ## - LOCAL HOLDINGS (RLIN)
-- 1
Holdings
Withdrawn status Lost status Source of classification or shelving scheme Not for loan Home library Current library Date acquired Total Checkouts Full call number Barcode Date last seen Price effective from Koha item type
    Library of Congress Classification   Kabarak, Main Campus Kabarak, Main Campus 17/12/2015   BR1440 .F76 006381 17/12/2015 17/12/2015 Africana Collection